000 01686nam0a22003371 4500
001 rc\389825
005 20250621065918.0
010 _a5-02-012669-1
_940000
035 _a(NLR Aleph) 005639826
090 _a6656916
_c6656916
100 _a20030616d1989 |||y0rusy50 ca
101 0 _arus
_afre
102 _aRU
105 _aa |||||||||
200 1 _aДневник. Воспоминания
_fИзд. подгот. С.В. Житомирская
_g[АН СССР]
210 _aМ.
_cНаука
_d1989
215 _a789 с., [9] л. ил.
_d22
225 1 _aЛитературные памятники
300 _aЧасть текста парал.: фр., рус.
320 _aБиблиогр. в примеч.: с. 632-712
320 _aУказ. имен: с. 713-785
327 0 _aВ доп.: Из записной книжки А.О. Смирновой
_aВ прил.: А.О. Смирнова-Россет и ее мемуарное наследие / С.В. Житомирская
464 0 _12001#$aИз записной книжки А.О. Смирновой
_tИз записной книжки А.О. Смирновой
464 0 _12001#$aА.О. Смирнова-Россет и ее мемуарное наследие
_1700#1$aЖитомирская$bС.В.
_tА.О. Смирнова-Россет и ее мемуарное наследие
_aЖитомирская, С.В.
700 1 _7ca
_8rus
_aСмирнова-Россет
_bА. О.
_f1809-1882
_gАлександра Осиповна
_9265810
_3RU\NLR\AUTH\770265866
801 0 _aRU
_bNLR
_gpsbo
801 1 _aRU
_bELAR
_2rusmarc
852 _aNLR
_j89-5/5030
942 _cBOOK
980 _aNB